| 000 | 00538nam a2200169Ia 4500 | ||
|---|---|---|---|
| 008 | 220216s9999 xx 000 0 und d | ||
| 100 |
_aAriharan V N _cet al |
||
| 245 | 0 | _aOccurrence of bacterial blight disease in rubber tree (Hevea brasiliensis) | |
| 260 |
_bInternational Journal of Pharmaceutical Sciences Review and Research _c2015 |
||
| 300 | _a67-69 | ||
| 500 | _aSource Year: 2015 | ||
| 650 | _aBlight disease | ||
| 650 | _aRubber tree | ||
| 650 | _aXanthomonas campestris | ||
| 856 | _ucopy of online article | ||
| 942 | _cJS | ||
| 999 |
_c64297 _d64297 |
||